Country names missing two letters that make words #1 - Statistics

General Stats
  • This quiz has been taken 38 times
    14 since last reset
  • The average score is 9 of 15
Answer Stats
Without Letters Real Name % Correct
Wait Kuwait
100%
Hat Haiti
83%
In Iran
75%
To Togo
75%
A Rain Bahrain
67%
Pal Palau/Nepal
67%
Pan Spain/Japan
67%
Ton Tonga
67%
Mat Malta
58%
Land Poland
58%
Rail Brazil
50%
Men Yemen
50%
Sun Sudan
42%
And A Uganda/Rwanda
33%
Am A Samoa
25%
No matching quizzes found
Score Distribution
Percent of People with Each Score
Percentile by Number Answered
Your Score History
You have not taken this quiz since the last reset